[Event "Staunton Memorial 4th"]
[Site "London/Crowthorne"]
[Date "2006.08.14"]
[Round "1"]
[White "Sokolov, Ivan"]
[Black "Day, Lawrence A"]
[Result "1-0"]
[WhiteElo "2652"]
[BlackElo "2278"]
[PlyCount "75"]
[EventDate "2006.08.14"]
[EventType "tourn"]
[EventRounds "11"]
[EventCountry "ENG"]
[EventCategory "11"]
[SourceTitle "CBM 113 Extra"]
[Source "ChessBase"]
[SourceDate "2006.09.14"]
[SourceVersion "1"]
[SourceVersionDate "2006.09.14"]
[SourceQuality "1"]

1. d4 Nf6 2. c4 e6 3. Nf3 d5 4. Nc3 Nbd7 5. cxd5 exd5 6. Bg5 Be7 7. e3 c6 8. Bd3 Nh5 9. Bxe7 Qxe7 10. 0-0 0-0 11. Qb1 g6 12. b4 Ndf6 13. b5 c5 14. dxc5 Qxc5 15. Qb2 Qd6 16. Rfd1 Be6 17. a4 Rfd8 18. a5 Rab8 19. h3 Qe7 20. Nd4 Rd6 21. Be2 Ng7 22. Qa3 Nfe8 23. a6 Qg5 24. Nxe6 Nxe6 25. Ne4 dxe4 26. Rxd6 Nxd6 27. Qxd6 Rd8 28. axb7 Rxd6 29. b8Q+ Rd8 30. Qxa7 Nc5 31. Bc4 Rd7 32. b6 Qe7 33. Qb8+ Kg7 34. Ra7 Rd1+ 35. Kh2 Nd7 36. Qf4 Rd6 37. Bb5 f5 38. Bxd7 1-0

[Event "Edmonton 1st"]
[Site "Edmonton"]
[Date "2006.04.16"]
[Round "7"]
[White "Vavrak, Peter"]
[Black "Day, Lawrence A"]
[Result "1-0"]
[WhiteElo "2408"]
[BlackElo "2289"]
[PlyCount "69"]
[EventDate "2006.04.13"]
[EventType "tourn"]
[EventRounds "9"]
[EventCountry "CAN"]
[EventCategory "3"]
[SourceTitle "CBM 111 Extra"]
[Source "ChessBase"]
[SourceDate "2006.05.09"]
[SourceVersion "1"]
[SourceVersionDate "2006.05.09"]
[SourceQuality "1"]

1. Nf3 d6 2. d4 Nf6 3. g3 c6 4. Bg2 h6 5. c4 Bf5 6. 0-0 e6 7. Nc3 d5 8. cxd5 exd5 9. Nh4 Bh7 10. e4 dxe4 11. Nxe4 Be7 12. Nxf6+ Bxf6 13. Re1+ Kf8 14. Qb3 b6 15. d5 c5 16. d6 Nd7 17. Bxa8 Qxa8 18. Qf3 Qd8 19. Qd5 g5 20. Nf5 Bxf5 21. Qxf5 Kg7 22. Rb1 Nb8 23. Qd5 Qd7 24. Bd2 Rd8 25. Rbd1 Qxd6 26. Qxd6 Rxd6 27. Bxg5 Rxd1 28. Bxf6+ Kxf6 29. Rxd1 Ke7 30. Kf1 Nc6 31. Ke2 Ke6 32. h4 f5 33. f3 h5 34. Ke3 Nb4 35. Kf4 1-0

[Event "Edmonton 1st"]
[Site "Edmonton"]
[Date "2006.04.15"]
[Round "4"]
[White "Day, Lawrence A"]
[Black "Kraai, Jesse"]
[Result "0-1"]
[WhiteElo "2289"]
[BlackElo "2466"]
[PlyCount "52"]
[EventDate "2006.04.13"]
[EventType "tourn"]
[EventRounds "9"]
[EventCountry "CAN"]
[EventCategory "3"]
[SourceTitle "CBM 111 Extra"]
[Source "ChessBase"]
[SourceDate "2006.05.09"]
[SourceVersion "1"]
[SourceVersionDate "2006.05.09"]
[SourceQuality "1"]

1. Nf3 c5 2. g3 Nc6 3. Bg2 g6 4. d4 cxd4 5. Nxd4 Bg7 6. Nb3 d6 7. 0-0 Be6 8. h3 Qd7 9. Kh2 h5 10. e4 f5 11. exf5 gxf5 12. f4 Nf6 13. N1d2 0-0-0 14. Qe2 h4 15. gxh4 Rxh4 16. Nf3 Rh6 17. c3 Rdh8 18. Be3 Ng4+ 19. Kg1 Bc4 20. Qxc4 Nxe3 21. Qf7 Bf6 22. Nbd4 Nd8 23. Qb3 Rg6 24. Rf2 Rhg8 25. Kh1 Nxg2 26. Ne2 Nh4 0-1

[Event "Edmonton 1st"]
[Site "Edmonton"]
[Date "2006.04.14"]
[Round "3"]
[White "Haessel, Dale R"]
[Black "Day, Lawrence A"]
[Result "0-1"]
[WhiteElo "2183"]
[BlackElo "2289"]
[PlyCount "46"]
[EventDate "2006.04.13"]
[EventType "tourn"]
[EventRounds "9"]
[EventCountry "CAN"]
[EventCategory "3"]
[SourceTitle "CBM 111 Extra"]
[Source "ChessBase"]
[SourceDate "2006.05.09"]
[SourceVersion "1"]
[SourceVersionDate "2006.05.09"]
[SourceQuality "1"]

1. c4 e6 2. d4 d5 3. Nf3 c5 4. cxd5 exd5 5. g3 Nc6 6. Bg2 Nf6 7. 0-0 Be7 8. dxc5 Bxc5 9. Bg5 Be6 10. Qc2 Be7 11. Rd1 0-0 12. Nc3 Qa5 13. Nd4 h6 14. Nb3 Qa6 15. Be3 Rfd8 16. Nc5 Bxc5 17. Bxc5 Qc4 18. Be3 d4 19. Bxc6 bxc6 20. Qd2 dxc3 21. Qxd8+ Rxd8 22. Rxd8+ Kh7 23. bxc3 Qxe2 0-1

[Event "Staunton Memorial 3rd"]
[Site "London"]
[Date "2005.08.30"]
[Round "10"]
[White "Day, Lawrence A"]
[Black "Houska, Jovanka"]
[Result "1-0"]
[WhiteElo "2270"]
[BlackElo "2342"]
[PlyCount "59"]
[EventDate "2005.08.19"]
[EventType "tourn"]
[EventRounds "10"]
[EventCountry "ENG"]
[EventCategory "7"]
[SourceTitle "CBM 108 Extra"]
[Source "ChessBase"]
[SourceDate "2005.11.04"]
[SourceVersion "1"]
[SourceVersionDate "2005.11.04"]
[SourceQuality "1"]

1. Nf3 d5 2. d3 c6 3. h3 Qc7 4. e4 Nf6 5. e5 Nfd7 6. d4 e6 7. Bd3 c5 8. c3 Nc6 9. a3 Be7 10. 0-0 a5 11. Re1 b6 12. Bf4 Ba6 13. Bxa6 Rxa6 14. c4 dxc4 15. d5 exd5 16. Qxd5 b5 17. Nc3 Qb7 18. e6 fxe6 19. Rxe6 Nf6 20. Rxf6 gxf6 21. Qh5+ Kd7 22. Rd1+ Nd4 23. Nxd4 cxd4 24. Rxd4+ Ke6 25. Re4+ Kd7 26. Qf5+ Ke8 27. Nd5 b4 28. Nxe7 bxa3 29. Nc6+ Kf7 30. Qh5+ 1-0